| 000 | 01075nam a22002777a 4500 | ||
|---|---|---|---|
| 005 | 20240530110344.0 | ||
| 008 | 141126s2009 ua fr 000 0 ara d | ||
| 017 |
_a19363/2009 _bمصر . دار الكتب المصرية |
||
| 020 | _a9771806688 | ||
| 040 | _aEG-CaGPL | ||
| 041 | 0 | _aara | |
| 082 | 0 | 4 |
_221 _a962\ _bق/ى ت |
| 100 | 0 | _aيونان لبيب رزق | |
| 245 | 1 | 0 |
_aتاريخ مصر بين الفكر والسياسة / _cتاليف يونان لبيب رزق ؛ اعداد عبدالمنعم محمد سعيد |
| 260 |
_aالقاهرة : _bدار الكتب والوثائق القومية ، _c2009 |
||
| 300 |
_a316 ص ؛ _c24 سم |
||
| 600 | 0 | _aالجبرتى | |
| 600 | 0 | _aرفاعة الطهطاوى | |
| 650 | 0 | 4 |
_aالليبرالية _zمصر |
| 650 | 0 | 4 |
_aالوثائق _zبريطانيا _zمصر |
| 650 | 0 | 4 |
_aالاحتلال البريطانى _zمصر _zالمانيا |
| 651 | 0 | 4 |
_aمصر _xتاريخ |
| 700 | 0 |
_aعبدالمنعم محمد سعيد _eمعد |
|
| 942 |
_2ddc _cBK |
||
| 999 |
_c59935 _d59935 |
||